| 000 | 00911nam a2200217 i 4500 | ||
|---|---|---|---|
| 001 | 187537 | ||
| 003 | ES-MaACL | ||
| 005 | 20250512063045.0 | ||
| 008 | 171120s2016 sp af |||| | spa d | ||
| 020 | _a978-84-944749-2-7 | ||
| 080 | _a821.134.2-14"19" | ||
| 100 | 1 |
_aDíez de la Cortina Montemayor, Susana, _d1966- _9240351 |
|
| 245 | 1 | 3 |
_aEl castillo / _cSusana Diez de la Cortina Montemayor ; [ilustraciones, Antonio Fernández Heliodoro]. |
| 260 |
_aMorata de Tajuña, Madrid : _bManuscritos, _c[2016] |
||
| 300 |
_a95 p., [22] h. de lám. col. ; _c20 cm. |
||
| 700 | 1 |
_aFernández Heliodoro, Antonio. _949842 |
|
| 852 |
_aES-MaACL _jA-14080 _9194616 _bR.151431 _cDEPO1 _dOlim: N-7080 _hDonación: Susana Diez de la Cortina Montemayor |
||
| 903 |
_aDíez de la Cortina Montemayor, Susana, _d1966- _ednr _9240351 |
||
| 942 |
_2udc _cMONOGRAFIA |
||
| 999 |
_c187537 _d187537 |
||